00340pab a2200121 454500008004000000100001800040245007300058260000900131300001000140362000900150650002500159773003400184180718b1989 xxu||||| |||| 00| 0 eng d aMathias, T.A. aSocio - political and legal aspects of board membership in India - I c1989 a33-41 aJan. aCorporations - India aManagement and Labour Studies